000
00294nam a2200121Ia 4500
005
20251222144741.0
008
251222s9999||||xx |||||||||||||| ||spa||
082
_a
269.2/S32
100
_a
Aguilar, Fernando Sebastián
245
0
_a
Nueva evangelización:
264
_b
Encuentro
942
_c
LIB
999
_c
18968
_d
18968